MARC details
| 000 -CABECERA |
| campo de control de longitud fija |
02340nam a2200385 i 4500 |
| 003 - IDENTIFICADOR DEL NÚMERO DE CONTROL |
| campo de control |
DO-SdBNP |
| 005 - FECHA Y HORA DE LA ÚLTIMA TRANSACCIÓN |
| campo de control |
20260305073952.0 |
| 007 - CAMPO FIJO DE DESCRIPCIÓN FÍSICA--INFORMACIÓN GENERAL |
| campo de control de longitud fija |
ta |
| 008 - DATOS DE LONGITUD FIJA--INFORMACIÓN GENERAL |
| campo de control de longitud fija |
110413s2022 dr bo 000 0 spa d |
| 020 ## - NÚMERO INTERNACIONAL ESTÁNDAR DEL LIBRO |
| Número Internacional Estándar del Libro |
9789945931617 |
| 040 ## - FUENTE DE LA CATALOGACIÓN |
| Centro catalogador/agencia de origen |
DO-SdBNP |
| Lengua de catalogación |
spa |
| Centro/agencia transcriptor |
BNPHU |
| Normas de descripción |
rda |
| 041 ## - CÓDIGO DE LENGUA |
| Código de lengua original |
eng. fra. |
| 082 ## - NÚMERO DE LA CLASIFICACIÓN DECIMAL DEWEY |
| Número de documento/Ítem |
M375r |
| Número de edición |
22 |
| 100 1# - ENTRADA PRINCIPAL--NOMBRE DE PERSONA |
| Nombre de persona |
Marte, Domingo, |
| Fechas asociadas al nombre |
1939- |
| 9 (RLIN) |
10487 |
| 245 10 - MENCIÓN DE TÍTULO |
| Título |
Ríos dominicanos : |
| Resto del título |
redes de vida / |
| Mención de responsabilidad, etc. |
Domingo Marte ; presentación Chistopher Paniagua ; prólogo Frank Moya Pons ; traducción al ingles Amanda Livoti ; traducción del francés Mayra C. Pichardo ; mapas Víctor M. Medina |
| 246 #5 - FORMA VARIANTE DE TÍTULO |
| Título propio/Titulo breve |
Rivers dominican / |
| Resto del título |
networks of life / |
| 246 #5 - FORMA VARIANTE DE TÍTULO |
| Título propio/Titulo breve |
Riviéres dominicaines : |
| Resto del título |
réseaux de vie / |
| 264 #1 - PRODUCCIÓN, PUBLICACIÓN, DISTRIBUCIÓN, FABRICACIÓN Y COPYRIGHT |
| Producción, publicación, distribución, fabricación y copyright |
Santo Domingo : |
| Nombre del de productor, editor, distribuidor, fabricante |
Banco Popular, |
| Fecha de producción, publicación, distribución, fabricación o copyright |
2022. |
| 300 ## - DESCRIPCIÓN FÍSICA |
| Extensión |
301 páginas |
| Dimensiones |
32 cm. |
| Otras características físicas |
mapas, fotografías |
| 336 ## - TIPO DE CONTENIDO |
| Fuente |
rdacontent |
| Término de tipo de contenido |
texto |
| Código de tipo de contenido |
txt |
| 337 ## - TIPO DE MEDIO |
| Fuente |
rdamedia |
| Nombre/término del tipo de medio |
sin mediación |
| Código del tipo de medio |
n |
| 338 ## - TIPO DE SOPORTE |
| Fuente |
rdacarrier |
| Nombre/término del tipo de soporte |
volumen |
| Código del tipo de soporte |
nc |
| 500 ## - NOTA GENERAL |
| Nota general |
Libro de pasta dura. |
| 500 ## - NOTA GENERAL |
| Nota general |
Incluye datos biográficos del autor en las páginas 241, 270 y 301. |
| 504 ## - NOTA DE BIBLIOGRAFÍA, ETC. |
| Nota de bibliografía, etc. |
Bibliografías incluidas |
| 505 0# - NOTA DE CONTENIDO CON FORMATO |
| Título |
Río Pedernales, pág.. 17 -- |
| -- |
Río Artibonito, pág.. 23 -- |
| -- |
Río Masacre, pág. 31 -- |
| -- |
Río Nizaíto, pág. 37 -- |
| -- |
Río Bahoruco, pág. 41 -- |
| -- |
Río Yaque del Sur, pág. 45 -- |
| -- |
Río Tábara, pág. 65 -- |
| -- |
Río Yaque del Norte, pág. 71 -- |
| -- |
Río Bajabonico, pág. 89 -- |
| -- |
Río Baní, pág. 95 -- |
| -- |
Río Nizao, pág. 103 -- |
| -- |
Río Haina, pág. 115 -- |
| -- |
Río Yuna, pág. 123 -- |
| -- |
Río Nigua, pág. 141 -- |
| -- |
Río Yásica, pág. 147 -- |
| -- |
Río Boba, pág. 157 -- |
| -- |
Río Ozama, pág. 169 -- |
| -- |
Río Limón, pág. 193 -- |
| -- |
Río Higuamo, pág. 201 -- |
| -- |
Río Soco, pág. 205 -- |
| -- |
Río Cumayasa, pág. 211 -- |
| -- |
Río Dulce, pág. 214 -- |
| -- |
Río Chavón, pág. 217 -- |
| -- |
Río Yabón, pág. 223 -- |
| -- |
Río Maimón, pág. 229 -- |
| -- |
Río Anamuya, pág. 233 -- |
| -- |
Río Duey-Yuma, pág. 237 -- |
| -- |
English version, pág.. 245 -- |
| -- |
Version francaise, pág.. 275 / |
| 590 ## - NOTA LOCAL (RLIN) |
| Nota local |
Inventariado, 2023/ YL |
| 700 1# - PUNTO DE ACCESO ADICIONAL--NOMBRE DE PERSONA |
| Nombre de persona |
Silié, Rubén, |
| Fechas asociadas al nombre |
1946- |
| Término indicativo de función/relación |
presentación |
| 9 (RLIN) |
1421 |
| 700 1# - PUNTO DE ACCESO ADICIONAL--NOMBRE DE PERSONA |
| Nombre de persona |
Moya Pons, Frank, |
| Fechas asociadas al nombre |
1944- |
| Término indicativo de función/relación |
prólogo |
| 9 (RLIN) |
2095 |
| 700 ## - PUNTO DE ACCESO ADICIONAL--NOMBRE DE PERSONA |
| Nombre de persona |
Livoti, Amanda |
| Término indicativo de función/relación |
traducción al ingles |
| 9 (RLIN) |
82909 |
| 700 ## - PUNTO DE ACCESO ADICIONAL--NOMBRE DE PERSONA |
| Nombre de persona |
Pichardo, Mayira C. |
| Término indicativo de función/relación |
traducción al frances |
| 9 (RLIN) |
84330 |
| 700 ## - PUNTO DE ACCESO ADICIONAL--NOMBRE DE PERSONA |
| Nombre de persona |
Medina, Víctor M. |
| Término indicativo de función/relación |
elaboración de mapas |
| 9 (RLIN) |
84331 |
| 910 ## - DATOS DE OPCIÓN DEL USUARIO (OCLC) |
| Datos de opción del usuario |
YLockward |
| 942 ## - ELEMENTOS DE PUNTO DE ACCESO ADICIONAL (KOHA) |
| Fuente del sistema de clasificación o colocación |
Dewey Decimal Classification |
| Tipo de ítem Koha |
Libro |